[Event "14. Abierto de la Constitucion"]
[Site "San Sebastian delos Reyes ESP"]
[Date "2012.12.07"]
[Round "7.9"]
[White "Alfaya Marcelo, Roberto"]
[Black "Gueler Berdasco, Martin"]
[Result "1-0"]
[WhiteElo "1758"]
[BlackElo "1921"]
[PlyCount "89"]
[EventDate "2012.12.01"]
[EventType "swiss"]
[EventRounds "9"]
[EventCountry "ESP"]
[Source "lmi"]
[SourceDate "2012.12.01"]

1. d4 Nf6 2. c4 c5 3. Nf3 cxd4 4. Nxd4 e5 5. Nb5 d5 6. cxd5 Bc5 7. N5c3 O-O 8.
e3 e4 9. Be2 Bf5 10. a3 Bd6 11. Nd2 Qe7 12. Nc4 Rd8 13. Nxd6 Qxd6 14. b4 Nbd7
15. Bb2 a6 16. Qb3 Ne5 17. Rd1 Bg4 18. Nxe4 Nxe4 19. Bxe5 Qxe5 20. Bxg4 Rd6 21.
O-O h5 22. Bf3 Ng5 23. e4 Nxe4 24. Rfe1 f5 25. Bxe4 fxe4 26. f3 e3 27. Qxe3 Qf5
28. Qd3 Qg5 29. Re6 Rad8 30. Qe3 Qxe3+ 31. Rxe3 Rxd5 32. Rxd5 Rxd5 33. Re7 Rb5
34. Kf2 Kh7 35. f4 Kg6 36. Ke3 a5 37. Re5 Rxe5+ 38. fxe5 Kf5 39. Kd4 axb4 40.
axb4 Ke6 41. b5 b6 42. Ke4 g5 43. g3 h4 44. gxh4 gxh4 45. h3 1-0

[Event "14. Abierto de la Constitucion"]
[Site "San Sebastian delos Reyes ESP"]
[Date "2012.12.07"]
[Round "7.12"]
[White "Herranz Sanchez, Pablo"]
[Black "Camarero Izquierdo, Juan C"]
[Result "0-1"]
[WhiteElo "1706"]
[BlackElo "1924"]
[PlyCount "110"]
[EventDate "2012.12.01"]
[EventType "swiss"]
[EventRounds "9"]
[EventCountry "ESP"]
[Source "lmi"]
[SourceDate "2012.12.01"]

1. e4 c5 2. Nf3 d6 3. d4 cxd4 4. Nxd4 Nf6 5. Nc3 a6 6. Be2 b5 7. a3 Bb7 8. f3
Nbd7 9. Be3 Rc8 10. O-O e6 11. Qd2 Be7 12. Rad1 O-O 13. Bd3 Ne5 14. Nde2 Nfd7
15. h3 Nb6 16. Bf4 Nbc4 17. Bxc4 Nxc4 18. Qc1 Bf6 19. b3 e5 20. Bg3 Na5 21. Qd2
Be7 22. Be1 Qc7 23. Rc1 Bc6 24. Nd5 Bxd5 25. exd5 Nb7 26. Kh1 f5 27. Bg3 Nd8
28. Rfd1 Nf7 29. f4 e4 30. Nd4 Qd7 31. c4 bxc4 32. bxc4 Bf6 33. Bf2 Bxd4 34.
Bxd4 Qe7 35. Qc3 Nh6 36. Rb1 Rfe8 37. Be3 Rb8 38. Qa5 Qh4 39. Qxa6 Rxb1 40.
Rxb1 Ng4 41. Qa7 h5 42. Kg1 Re7 43. Qb8+ Kh7 44. hxg4 hxg4 45. Qb3 g3 46. Kf1
Qh1+ 47. Bg1 e3 48. Re1 e2+ 49. Rxe2 Rxe2 50. Kxe2 Qxg2+ 51. Kd3 Qxg1 52. Qb7
Qf1+ 53. Kc3 g2 54. Qf7 Qf3+ 55. Kc2 g1=Q 0-1

[Event "14. Abierto de la Constitucion"]
[Site "San Sebastian delos Reyes ESP"]
[Date "2012.12.07"]
[Round "7.14"]
[White "Gonzalez Mateo, Jose Luis"]
[Black "Lopez Ziegler, Carlos"]
[Result "1-0"]
[WhiteElo "1796"]
[BlackElo "1910"]
[PlyCount "101"]
[EventDate "2012.12.01"]
[EventType "swiss"]
[EventRounds "9"]
[EventCountry "ESP"]
[Source "lmi"]
[SourceDate "2012.12.01"]

1. d4 d5 2. Bf4 Nf6 3. e3 c5 4. Nd2 Qb6 5. dxc5 Qxb2 6. Rb1 Qc3 7. Bxb8 Rxb8 8.
c6 b6 9. Bb5 Ra8 10. Ne2 Qc5 11. c4 a6 12. Qa4 e5 13. Rb3 Bd6 14. cxd5 Nxd5 15.
Ne4 Nc7 16. Nxc5 axb5 17. Qe4 bxc5 18. Rd3 f5 19. Qh4 Be7 20. Qg3 Bf6 21. Rd2
Be6 22. O-O O-O 23. Rfd1 Ra6 24. Rd6 Rxa2 25. Nc3 Rb2 26. e4 f4 27. Qf3 Rb3 28.
Rb1 Ra3 29. Qd3 b4 30. Rxe6 Nxe6 31. Qd5 bxc3 32. Qxe6+ Kh8 33. c7 c2 34. Rc1
Rd3 35. Qg4 f3 36. gxf3 Rd1+ 37. Kg2 Rxc1 38. c8=Q Rg1+ 39. Kh3 Rg8 40. Qxg8+
Kxg8 41. Qxg1 Kf7 42. Qc1 Ke6 43. Qxc2 Kd6 44. Qd3+ Kc6 45. Qa6+ Kc7 46. Qb5
Kd6 47. Kg4 Ke6 48. Qxc5 Kf7 49. Qc7+ Kg6 50. f4 h5+ 51. Kf3 1-0

[Event "14. Abierto de la Constitucion"]
[Site "San Sebastian delos Reyes ESP"]
[Date "2012.12.07"]
[Round "7.15"]
[White "Rodriguez Orgaz, Cesar"]
[Black "Lozano Sanchez, Jose Antonio"]
[Result "0-1"]
[WhiteElo "1818"]
[BlackElo "1893"]
[PlyCount "84"]
[EventDate "2012.12.01"]
[EventType "swiss"]
[EventRounds "9"]
[EventCountry "ESP"]
[Source "lmi"]
[SourceDate "2012.12.01"]

1. c4 e5 2. Nc3 Nf6 3. Nf3 Nc6 4. g3 Bc5 5. Bg2 d6 6. d3 Bf5 7. a3 a5 8. O-O
O-O 9. h3 Re8 10. Nh4 Bd7 11. Bg5 h6 12. Bxf6 Qxf6 13. Ne4 Qe7 14. Nxc5 dxc5
15. Bxc6 Bxc6 16. Ng2 Rad8 17. Qc1 Qe6 18. Kh2 Bd7 19. g4 f5 20. f3 Rf8 21. e4
fxg4 22. fxg4 h5 23. Ne3 Rxf1 24. Qxf1 hxg4 25. Nxg4 Rf8 26. Qe2 Qf7 27. Kg2
Qg6 28. Rf1 Rxf1 29. Kxf1 Bxg4 30. Qxg4 Qxg4 31. hxg4 Kf7 32. Kf2 Kf6 33. b3
Kg5 34. Kg3 g6 35. Kh3 Kf4 36. Kh4 g5+ 37. Kh5 b6 38. a4 c6 39. d4 cxd4 40. b4
d3 41. c5 bxc5 42. bxa5 d2 0-1

[Event "14. Abierto de la Constitucion"]
[Site "San Sebastian delos Reyes ESP"]
[Date "2012.12.07"]
[Round "7.16"]
[White "Cerrato Torrijos, Javier"]
[Black "Esquivias Gomez, Francisco J"]
[Result "1/2-1/2"]
[WhiteElo "1738"]
[BlackElo "1981"]
[PlyCount "88"]
[EventDate "2012.12.01"]
[EventType "swiss"]
[EventRounds "9"]
[EventCountry "ESP"]
[Source "lmi"]
[SourceDate "2012.12.01"]

1. e4 e5 2. Nf3 Nc6 3. Bc4 Nf6 4. d3 Be7 5. O-O O-O 6. Nbd2 d6 7. c3 Na5 8. Bb5
a6 9. Ba4 b5 10. Bc2 c5 11. Re1 Re8 12. d4 cxd4 13. cxd4 Qc7 14. b3 Bf8 15. Bb2
Nc6 16. Rc1 Qb6 17. d5 Ne7 18. Bd3 Bd7 19. Qe2 Rec8 20. h3 Nh5 21. Qe3 Qxe3 22.
fxe3 Rxc1 23. Rxc1 Rc8 24. Rxc8 Nxc8 25. Kf2 g6 26. Bc3 f5 27. Ng5 Ng7 28. h4
h6 29. Ngf3 Be7 30. g3 Nh5 31. Bc2 Nf6 32. Ke2 fxe4 33. Bxe4 Bf5 34. Bxf5 gxf5
35. Bb2 Nxd5 36. h5 Nf6 37. Nh4 Nxh5 38. Nxf5 Bf8 39. Ne4 Kf7 40. Ba3 Ke6 41.
g4 Nf6 42. Nxf6 Kxf6 43. e4 Kg6 44. Kf3 Kf6 1/2-1/2

[Event "14. Abierto de la Constitucion"]
[Site "San Sebastian delos Reyes ESP"]
[Date "2012.12.07"]
[Round "7.17"]
[White "Ballesteros Jimenez, Miguel A"]
[Black "Marcos Herrero, Francisco"]
[Result "1/2-1/2"]
[WhiteElo "1672"]
[BlackElo "1923"]
[PlyCount "139"]
[EventDate "2012.12.01"]
[EventType "swiss"]
[EventRounds "9"]
[EventCountry "ESP"]
[Source "lmi"]
[SourceDate "2012.12.01"]

1. e4 c5 2. Nc3 Nc6 3. f4 g6 4. Nf3 Bg7 5. Bb5 Nd4 6. O-O e6 7. d3 a6 8. Bc4 b5
9. Bb3 Nxb3 10. axb3 Bb7 11. Qe1 Ne7 12. Be3 Rc8 13. d4 cxd4 14. Bxd4 Bxd4+ 15.
Nxd4 Qb6 16. Qf2 O-O 17. Rae1 Nc6 18. Nce2 b4 19. Nf3 Qxf2+ 20. Rxf2 Ne7 21.
Ned4 d5 22. e5 Rc5 23. Ra1 Rfc8 24. g4 Re8 25. h4 Nc6 26. Kg2 Kf8 27. Kg3 Kg7
28. Rh2 f6 29. Nxc6 Rxc6 30. Nd4 Rb6 31. Re2 Bc8 32. Ra5 Bd7 33. Rc5 Rc8 34.
Rxc8 Bxc8 35. Re1 fxe5 36. Rxe5 Kf6 37. h5 a5 38. hxg6 hxg6 39. Re1 Ra6 40. Rh1
Kg7 41. Kh4 Kf6 42. Ra1 Bd7 43. Kg3 g5 44. Rf1 gxf4+ 45. Rxf4+ Kg6 46. Rf8 Kg7
47. Rd8 Ra7 48. Kf4 Kf7 49. Ke5 a4 50. bxa4 Bxa4 51. Rh8 Kg7 52. Rb8 Bd7 53.
Rxb4 Kf7 54. Rb8 Be8 55. b4 Ke7 56. b5 Ra4 57. b6 Rb4 58. b7 Kd7 59. Ra8 Rxb7
60. Nxe6 Ke7 61. Nd4 Bg6 62. Kxd5 Rd7+ 63. Ke5 Rc7 64. Nf5+ Kf7 65. Rc8 Rxc8
66. Nd6+ Kg7 67. Nxc8 Bxc2 68. Kf4 Kf6 69. g5+ Kg6 70. Ne7+ 1/2-1/2

[Event "14. Abierto de la Constitucion"]
[Site "San Sebastian delos Reyes ESP"]
[Date "2012.12.07"]
[Round "7.18"]
[White "Garcia Lopez, Fernando"]
[Black "Minguela Muñoz, Bienvenido"]
[Result "1/2-1/2"]
[WhiteElo "1657"]
[BlackElo "1898"]
[PlyCount "117"]
[EventDate "2012.12.01"]
[EventType "swiss"]
[EventRounds "9"]
[EventCountry "ESP"]
[Source "lmi"]
[SourceDate "2012.12.01"]

1. e4 c5 2. Nf3 Nc6 3. d4 cxd4 4. Nxd4 Qb6 5. Nxc6 bxc6 6. Nc3 e5 7. Bd3 Nf6 8.
O-O Be7 9. Kh1 O-O 10. Rb1 d5 11. f3 d4 12. Ne2 Be6 13. b3 c5 14. Bd2 Qc6 15.
c4 a5 16. Nc1 a4 17. Bc2 axb3 18. axb3 Ra3 19. Nd3 Nd7 20. Bc1 Ra2 21. Bb2 Rfa8
22. Qe2 f6 23. Rfd1 Nf8 24. Qf1 R8a7 25. Ra1 Qa8 26. Rxa2 Rxa2 27. Ra1 Rxa1 28.
Bxa1 g5 29. Qc1 Ng6 30. Bb2 Qa5 31. Qe1 Qxe1+ 32. Nxe1 Bf7 33. Ba3 Nf4 34. g3
Ne6 35. Nd3 Kf8 36. Nb2 Ke8 37. Na4 Kd7 38. Nb2 Kc6 39. Nd3 Bg6 40. Kg2 g4 41.
Nf2 gxf3+ 42. Kxf3 d3 43. Bxd3 Nd4+ 44. Ke3 Nxb3 45. Nd1 Nd4 46. Nc3 Bf8 47.
Nd5 f5 48. Nc3 Bh6+ 49. Kf2 Bd2 50. exf5 Nxf5 51. Be4+ Kd7 52. Nd5 Kd6 53. Bb1
Ne3 54. Nxe3 Bxe3+ 55. Kxe3 Bxb1 56. Kd2 Bf5 57. Kc3 Be6 58. Kd3 Bf5+ 59. Kc3
1/2-1/2

[Event "14. Abierto de la Constitucion"]
[Site "San Sebastian delos Reyes ESP"]
[Date "2012.12.07"]
[Round "7.19"]
[White "Barroso Barroso, Jorge"]
[Black "Sebastian Enesco, Alex"]
[Result "1/2-1/2"]
[WhiteElo "1853"]
[BlackElo "1731"]
[PlyCount "58"]
[EventDate "2012.12.01"]
[EventType "swiss"]
[EventRounds "9"]
[EventCountry "ESP"]
[Source "lmi"]
[SourceDate "2012.12.01"]

1. e4 Nf6 2. Nc3 c5 3. Nf3 d6 4. Bb5+ Bd7 5. Bxd7+ Nbxd7 6. d3 g6 7. O-O Bg7 8.
Bd2 a6 9. a4 O-O 10. Qc1 Ng4 11. Nd5 e6 12. Ne3 Nde5 13. Nxe5 Nxe5 14. f4 Nc6
15. f5 exf5 16. exf5 Nd4 17. Qd1 Bh6 18. Ng4 Bxd2 19. Qxd2 Nxf5 20. Qf4 h5 21.
Nf2 Qh4 22. Qxh4 Nxh4 23. Ne4 Rad8 24. a5 Kg7 25. Ra4 Nf5 26. b4 c4 27. dxc4
Ne3 28. Rb1 Nxc4 29. b5 Rfe8 1/2-1/2

[Event "14. Abierto de la Constitucion"]
[Site "San Sebastian delos Reyes ESP"]
[Date "2012.12.07"]
[Round "7.20"]
[White "Plazuelo Pascual, Juan"]
[Black "San Felipe Gonzalez, Tomas"]
[Result "1-0"]
[WhiteElo "1851"]
[BlackElo "1646"]
[PlyCount "47"]
[EventDate "2012.12.01"]
[EventType "swiss"]
[EventRounds "9"]
[EventCountry "ESP"]
[Source "lmi"]
[SourceDate "2012.12.01"]

1. e4 e5 2. Nf3 f5 3. Nxe5 Qf6 4. Nc4 fxe4 5. Nc3 Qf7 6. Ne3 Nf6 7. Bc4 Qg6 8.
d3 c6 9. dxe4 Bb4 10. O-O b6 11. Nf5 Ba6 12. Qd4 Bxc4 13. Qxc4 Bxc3 14. Qxc3
Kd8 15. Bf4 Re8 16. f3 Na6 17. Rad1 Nc5 18. b4 Nb7 19. Qxc6 Rc8 20. Qxb7 Re6
21. Nd4 Re8 22. Nc6+ Rxc6 23. Qxc6 Re6 24. Qxe6 1-0

[Event "14. Abierto de la Constitucion"]
[Site "San Sebastian delos Reyes ESP"]
[Date "2012.12.07"]
[Round "7.21"]
[White "Garcia Martinez, Jorge"]
[Black "Benito Mellado, Humberto"]
[Result "1-0"]
[WhiteElo "1847"]
[BlackElo "1586"]
[PlyCount "127"]
[EventDate "2012.12.01"]
[EventType "swiss"]
[EventRounds "9"]
[EventCountry "ESP"]
[Source "lmi"]
[SourceDate "2012.12.01"]

1. e4 c5 2. Nf3 d6 3. c3 Nf6 4. h3 Nc6 5. Bd3 e5 6. Bc2 Be7 7. O-O O-O 8. a3 a6
9. d4 cxd4 10. cxd4 exd4 11. Nxd4 d5 12. Nxc6 bxc6 13. exd5 cxd5 14. Nc3 d4 15.
Ne2 Qb6 16. Qxd4 Bc5 17. Qc3 Re8 18. Ng3 Bb7 19. Nf5 Qc6 20. Nh4 Re2 21. Bd3
Nd5 22. Bxh7+ Kh8 23. Qf3 Rae8 24. Bd3 R2e6 25. Bg5 Nf6 26. Bxf6 Rxf6 27. Qxc6
Bxc6 28. Rac1 Bd4 29. Rc2 Bb5 30. Bxb5 axb5 31. Nf3 Ba7 32. Rd1 Bb8 33. Rc5 Rb6
34. Rcd5 Bf4 35. g3 Bh6 36. Rd7 Kg8 37. Kf1 g6 38. b3 Ra6 39. Rb7 Rxa3 40. Rxb5
Bg7 41. Rb7 Bf6 42. Rd6 Rf8 43. h4 Ra5 44. b4 Ra1+ 45. Kg2 Rb1 46. Ng5 Bxg5 47.
hxg5 Rb2 48. b5 Kg7 49. b6 Rb5 50. f4 Rb3 51. Rc6 Rb5 52. Rf6 Rb3 53. Rc7 Rb5
54. b7 Rb3 55. Kf2 Rb5 56. Ke2 Rb4 57. Kd2 Rb5 58. Kc3 Rb1 59. Kd4 Rd1+ 60. Kc5
Rb1 61. Kc6 Rb2 62. Rc8 Rc2+ 63. Kd7 Rd2+ 64. Rd6 1-0

[Event "14. Abierto de la Constitucion"]
[Site "San Sebastian delos Reyes ESP"]
[Date "2012.12.07"]
[Round "7.22"]
[White "De Vicente Guijarro, Juan"]
[Black "Perez Alvarez, Javier"]
[Result "0-1"]
[WhiteElo "1784"]
[BlackElo "1824"]
[PlyCount "78"]
[EventDate "2012.12.01"]
[EventType "swiss"]
[EventRounds "9"]
[EventCountry "ESP"]
[Source "lmi"]
[SourceDate "2012.12.01"]

1. f4 d5 2. Nf3 Nf6 3. g3 g6 4. Bg2 Bg7 5. O-O O-O 6. d3 c5 7. c3 Nc6 8. Qc2 d4
9. e4 dxc3 10. bxc3 e5 11. Na3 exf4 12. gxf4 Rb8 13. Be3 b6 14. h3 Nh5 15. Rad1
Qc7 16. d4 Nxf4 17. Nb5 Nxh3+ 18. Bxh3 Qg3+ 19. Qg2 Qxh3 20. d5 Qxg2+ 21. Kxg2
Ne5 22. Bf4 f6 23. Nxa7 Ba6 24. Rh1 Be2 25. Nxe5 fxe5 26. Nc6 exf4 27. Nxb8
Bxd1 28. Nd7 Rd8 29. Nxb6 f3+ 30. Kf2 Be2 31. Rc1 c4 32. a4 Be5 33. a5 Bd6 34.
Ra1 Bc5+ 35. Ke1 Bd3 36. Na4 Be3 37. Ra2 f2+ 38. Rxf2 Bxf2+ 39. Kxf2 Bxe4 0-1

[Event "14. Abierto de la Constitucion"]
[Site "San Sebastian delos Reyes ESP"]
[Date "2012.12.07"]
[Round "7.25"]
[White "Hernandez Ramos, Alberto"]
[Black "Garcia Prados, David"]
[Result "0-1"]
[WhiteElo "1425"]
[BlackElo "2025"]
[PlyCount "70"]
[EventDate "2012.12.01"]
[EventType "swiss"]
[EventRounds "9"]
[EventCountry "ESP"]
[Source "lmi"]
[SourceDate "2012.12.01"]

1. e4 Nf6 2. Nc3 e5 3. Nf3 d6 4. h3 c5 5. Bb5+ Nc6 6. Bxc6+ bxc6 7. d3 Be7 8.
O-O h6 9. Ne2 Be6 10. c4 Qc7 11. Qa4 O-O 12. Bd2 Rab8 13. Rab1 Rb7 14. a3 Rfb8
15. Ba5 Qd7 16. b4 Nh5 17. Kh2 g5 18. Qc2 g4 19. hxg4 Bxg4 20. bxc5 Bxf3 21.
gxf3 Bg5 22. Rxb7 Rxb7 23. Bd2 dxc5 24. Rg1 Qe7 25. Ng3 Nf4 26. Nf5 Qf6 27.
Bxf4 exf4 28. Rb1 Rd7 29. Rd1 Qg6 30. Qb2 Kh7 31. Qc2 Rd8 32. Qa4 Rg8 33. Kg2
Bh4+ 34. Ng3 fxg3 35. Kf1 g2+ 0-1

[Event "14. Abierto de la Constitucion"]
[Site "San Sebastian delos Reyes ESP"]
[Date "2012.12.07"]
[Round "7.26"]
[White "Zamora Beamud, Andres"]
[Black "San Felipe Asis, Raquel"]
[Result "1-0"]
[WhiteElo "1792"]
[BlackElo "1683"]
[PlyCount "113"]
[EventDate "2012.12.01"]
[EventType "swiss"]
[EventRounds "9"]
[EventCountry "ESP"]
[Source "lmi"]
[SourceDate "2012.12.01"]

1. d4 Nf6 2. c4 c5 3. d5 e6 4. Nc3 g6 5. e4 d6 6. Bd3 Bg7 7. Nge2 Nbd7 8. O-O
Ne5 9. f4 Nxd3 10. Qxd3 Qb6 11. dxe6 Bxe6 12. f5 Bd7 13. Bf4 O-O-O 14. fxg6
hxg6 15. Qxd6 Bc6 16. Qb8+ Kd7 17. Rad1+ Ke7 18. Qe5+ Kf8 19. Rxd8+ Qxd8 20.
Qxc5+ Kg8 21. Rd1 Qe8 22. Nd4 Nxe4 23. Nxe4 Qxe4 24. Nxc6 Qxf4 25. Ne7+ Kh7 26.
Nd5 Rd8 27. Nxf4 Rxd1+ 28. Kf2 Bd4+ 29. Ke2 Bxc5 30. Kxd1 Kh6 31. Ke2 Kg5 32.
Kf3 Bd6 33. g3 Kf5 34. Nd3 g5 35. g4+ Ke6 36. h3 f5 37. gxf5+ Kxf5 38. c5 Be7
39. b4 a6 40. a4 Bf8 41. b5 axb5 42. axb5 Ke6 43. Ke4 Be7 44. c6 bxc6 45. bxc6
Kd6 46. Ne5 Bf6 47. Nf7+ Kxc6 48. Kf5 Be7 49. Nxg5 Kd7 50. Ne6 Ke8 51. Kg6 Bh4
52. Kg7 Ke7 53. Nf4 Bf6+ 54. Kg6 Bh4 55. Ng2 Bg3 56. Ne3 Kf8 57. Kf5 1-0

[Event "14. Abierto de la Constitucion"]
[Site "San Sebastian delos Reyes ESP"]
[Date "2012.12.07"]
[Round "7.27"]
[White "Anton Quevedo, Andrea"]
[Black "Alvarez Gonzalez, Eduardo"]
[Result "0-1"]
[WhiteElo "1419"]
[BlackElo "1783"]
[PlyCount "86"]
[EventDate "2012.12.01"]
[EventType "swiss"]
[EventRounds "9"]
[EventCountry "ESP"]
[Source "lmi"]
[SourceDate "2012.12.01"]

1. e4 c6 2. d4 d5 3. e5 Bf5 4. g4 Bd7 5. Nc3 e6 6. Be3 Qb6 7. Na4 Qc7 8. Ne2 c5
9. Nxc5 Bxc5 10. dxc5 Na6 11. Qd4 Ne7 12. Nc3 Qa5 13. Bxa6 Qxa6 14. Qd3 Qa5 15.
O-O h5 16. g5 Nf5 17. a3 Qc7 18. f4 Rc8 19. b4 b6 20. Bf2 g6 21. Rac1 O-O 22.
Nb5 Bxb5 23. Qxb5 d4 24. cxb6 axb6 25. Rfd1 Qb7 26. Bxd4 Qf3 27. Qf1 Qxa3 28.
Bxb6 Qxb4 29. Qf2 Rc4 30. Rf1 Rb8 31. Be3 Rd8 32. Qe2 Nxe3 33. Qxe3 Rdd4 34. c3
Qb3 35. Kh1 Rd7 36. Rf3 Rd1+ 37. Rxd1 Qxd1+ 38. Kg2 Qc2+ 39. Qf2 Qe4 40. Kg3
Qf5 41. h3 Qb1 42. Qe2 Qg1+ 43. Qg2 h4+ 0-1

[Event "14. Abierto de la Constitucion"]
[Site "San Sebastian delos Reyes ESP"]
[Date "2012.12.07"]
[Round "7.28"]
[White "Sanchez Ortega, Ruben"]
[Black "Gonzalez Berrendero, Carlos"]
[Result "0-1"]
[WhiteElo "1798"]
[BlackElo "1743"]
[PlyCount "72"]
[EventDate "2012.12.01"]
[EventType "swiss"]
[EventRounds "9"]
[EventCountry "ESP"]
[Source "lmi"]
[SourceDate "2012.12.01"]

1. d4 d5 2. c4 c6 3. e3 Nf6 4. Nc3 Bf5 5. Nf3 h6 6. cxd5 cxd5 7. Bb5+ Nc6 8.
Ne5 Rc8 9. Qa4 Qb6 10. Qb3 e6 11. Bxc6+ bxc6 12. Qxb6 axb6 13. Na4 b5 14. Nc5
Ne4 15. Nxe4 Bxe4 16. f3 Bf5 17. Ke2 c5 18. Bd2 c4 19. g4 Bh7 20. f4 Be4 21.
Rhc1 Bd6 22. a4 bxa4 23. Rxa4 O-O 24. Rca1 Bxe5 25. fxe5 f6 26. Bb4 Rf7 27. Ra7
Rxa7 28. Rxa7 fxe5 29. dxe5 Rb8 30. Bc3 Rf8 31. Re7 Bf3+ 32. Ke1 Bxg4 33. Bb4
Rf3 34. Re8+ Kh7 35. Rf8 Rxe3+ 36. Kf2 Rxe5 0-1

[Event "14. Abierto de la Constitucion"]
[Site "San Sebastian delos Reyes ESP"]
[Date "2012.12.07"]
[Round "7.31"]
[White "Garceran Izquierdo, Ruben"]
[Black "Infante Martin, Alonso"]
[Result "1-0"]
[WhiteElo "1669"]
[BlackElo "1495"]
[PlyCount "51"]
[EventDate "2012.12.01"]
[EventType "swiss"]
[EventRounds "9"]
[EventCountry "ESP"]
[Source "lmi"]
[SourceDate "2012.12.01"]

1. c4 e6 2. Nc3 c6 3. Nf3 f5 4. e4 d6 5. d4 Nf6 6. Bd3 Be7 7. Qc2 O-O 8. exf5
exf5 9. Bxf5 Bxf5 10. Qxf5 Nbd7 11. Ng5 Qc8 12. Qe6+ Kh8 13. Nf7+ Rxf7 14. Qxf7
Ng8 15. O-O Ndf6 16. Bg5 Qd7 17. Bxf6 Nxf6 18. Rae1 Ng8 19. Re2 Rf8 20. Qe6 Qd8
21. Rfe1 Rf6 22. Qe3 Qd7 23. Ne4 Re6 24. Qd3 Qc7 25. Ng5 Rg6 26. Nf7# 1-0

[Event "14. Abierto de la Constitucion"]
[Site "San Sebastian delos Reyes ESP"]
[Date "2012.12.07"]
[Round "7.32"]
[White "Hidalgo Prado, David"]
[Black "Alfaya Martinez, Enrique"]
[Result "1-0"]
[WhiteElo "1407"]
[BlackElo "1510"]
[PlyCount "83"]
[EventDate "2012.12.01"]
[EventType "swiss"]
[EventRounds "9"]
[EventCountry "ESP"]
[Source "lmi"]
[SourceDate "2012.12.01"]

1. e4 c5 2. Nf3 Nc6 3. d3 e6 4. Nc3 d5 5. exd5 exd5 6. Be2 d4 7. Ne4 Nf6 8. Bg5
Be7 9. Bxf6 gxf6 10. Ned2 Qc7 11. g3 Bh3 12. Bf1 Bxf1 13. Nxf1 O-O-O 14. N1d2
h5 15. Qe2 Rde8 16. O-O-O Bd6 17. Qf1 Nb4 18. a3 Nd5 19. Re1 Qd7 20. Rxe8+ Rxe8
21. Kb1 b5 22. Kc1 Kb8 23. Nb1 b4 24. Nfd2 bxa3 25. Nxa3 Qa4 26. Ndc4 Bf8 27.
Qd1 Bh6+ 28. Kb1 Re7 29. Re1 Nc3+ 30. bxc3 Rb7+ 31. Ka2 dxc3 32. h4 Rb4 33. Qa1
Bd2 34. Rb1 Kc7 35. Rb3 Rxb3 36. cxb3 Qa6 37. Kb1 f5 38. Kc2 Qe6 39. Nb5+ Kd8
40. Qxa7 Qe1 41. Qc7+ Ke8 42. Nbd6+ 1-0

[Event "14. Abierto de la Constitucion"]
[Site "San Sebastian delos Reyes ESP"]
[Date "2012.12.07"]
[Round "7.33"]
[White "Bachiller Corral, Jose Maria"]
[Black "Bachiller Guitian, Eduardo"]
[Result "1/2-1/2"]
[WhiteElo "1366"]
[BlackElo "1501"]
[PlyCount "88"]
[EventDate "2012.12.01"]
[EventType "swiss"]
[EventRounds "9"]
[EventCountry "ESP"]
[Source "lmi"]
[SourceDate "2012.12.01"]

1. e4 e6 2. d4 d5 3. e5 c5 4. Nf3 Nc6 5. c3 Qb6 6. Na3 a6 7. Nc2 Nge7 8. Bd3 c4
9. Be2 g6 10. O-O Bg7 11. Ng5 O-O 12. Bg4 Qa5 13. a3 b5 14. Bd2 Qb6 15. Nb4 a5
16. Nxc6 Nxc6 17. b4 a4 18. Qf3 Qd8 19. Qh3 h6 20. Nf3 Kh7 21. Bg5 Ne7 22. Rfe1
Qd7 23. Re3 Re8 24. Nd2 Nf5 25. Rf3 h5 26. Bxf5 exf5 27. Bf6 Bxf6 28. exf6 Qe6
29. Re3 Qc6 30. Re7 Rxe7 31. fxe7 Qe8 32. Qe3 Be6 33. Qg5 Ra7 34. Nf3 Qxe7 35.
Qxe7 Rxe7 36. Re1 Kg7 37. Kf1 Kf6 38. Ne5 Rc7 39. f4 g5 40. g3 g4 41. Kf2 Kg7
42. Kg2 f6 43. Nxg4 fxg4 44. Rxe6 Kg6 1/2-1/2

[Event "14. Abierto de la Constitucion"]
[Site "San Sebastian delos Reyes ESP"]
[Date "2012.12.08"]
[Round "8.1"]
[White "Moreno Ruiz, Javier"]
[Black "Rubio Mejia, Luis Ignacio"]
[Result "1/2-1/2"]
[WhiteElo "2492"]
[BlackElo "2432"]
[PlyCount "40"]
[EventDate "2012.12.01"]
[EventType "swiss"]
[EventRounds "9"]
[EventCountry "ESP"]
[Source "lmi"]
[SourceDate "2012.12.01"]

1. d4 Nf6 2. c4 e6 3. Nc3 Bb4 4. Qc2 c5 5. dxc5 O-O 6. a3 Bxc5 7. Nf3 b6 8. Bf4
Bb7 9. Rd1 Nh5 10. Bc1 Nf6 11. b4 Be7 12. e4 a5 13. b5 Qc7 14. Be2 d6 15. Nd4
Nbd7 16. f4 Rac8 17. Qb1 Nc5 18. Bf3 Ncd7 19. Be2 Nc5 20. Bf3 Ncd7 1/2-1/2

[Event "14. Abierto de la Constitucion"]
[Site "San Sebastian delos Reyes ESP"]
[Date "2012.12.08"]
[Round "8.2"]
[White "Roa Alonso, Santiago"]
[Black "Adan Bermudez, Sergio"]
[Result "0-1"]
[WhiteElo "2412"]
[BlackElo "2285"]
[PlyCount "54"]
[EventDate "2012.12.01"]
[EventType "swiss"]
[EventRounds "9"]
[EventCountry "ESP"]
[Source "lmi"]
[SourceDate "2012.12.01"]

1. d4 d6 2. Nf3 Nf6 3. c4 Nbd7 4. Nc3 e5 5. e4 g6 6. Be2 Bg7 7. O-O O-O 8. Re1
c6 9. Bf1 a6 10. Rb1 b5 11. b4 Bb7 12. dxe5 Nxe5 13. Nxe5 dxe5 14. Qxd8 Rfxd8
15. Be3 Ng4 16. Bb6 Rd2 17. a4 Rc2 18. Rec1 Rxc1 19. Rxc1 Bf8 20. c5 Nf6 21.
Rd1 Bc8 22. Bc7 Nd7 23. Bd6 a5 24. bxa5 b4 25. Na2 b3 26. Nc3 Rxa5 27. Bc4 Bxd6
0-1

[Event "14. Abierto de la Constitucion"]
[Site "San Sebastian delos Reyes ESP"]
[Date "2012.12.08"]
[Round "8.3"]
[White "Montiel Miguelez, Manuel"]
[Black "Valles Moreno, Ivan"]
[Result "0-1"]
[WhiteElo "1900"]
[BlackElo "2382"]
[PlyCount "68"]
[EventDate "2012.12.01"]
[EventType "swiss"]
[EventRounds "9"]
[EventCountry "ESP"]
[Source "lmi"]
[SourceDate "2012.12.01"]

1. e4 d6 2. d4 g6 3. Nf3 Bg7 4. Be3 Nf6 5. Nbd2 O-O 6. Bd3 Nc6 7. c3 e5 8. O-O
h6 9. h3 Nh5 10. d5 Ne7 11. Nh2 Nf4 12. Bc2 Kh8 13. Rb1 Ng8 14. c4 b6 15. Qf3
Nh5 16. Ng4 Qe8 17. g3 f5 18. exf5 gxf5 19. Nh2 f4 20. Bxf4 exf4 21. g4 Nhf6
22. Rbe1 Qf7 23. Qxf4 Nd7 24. Qe3 Ba6 25. f4 Rae8 26. Qd3 Bxb2 27. Ne4 Qg7 28.
Nf3 Rxf4 29. Nh4 Qd4+ 30. Kg2 Qxd3 31. Bxd3 Rxf1 32. Rxf1 Ne5 33. Bb1 Bxc4 34.
Rf5 Bxd5 0-1

[Event "14. Abierto de la Constitucion"]
[Site "San Sebastian delos Reyes ESP"]
[Date "2012.12.08"]
[Round "8.4"]
[White "Garcia-Ruiz Fuentes, Angel M"]
[Black "Cerrato Torrijos, Maria"]
[Result "0-1"]
[WhiteElo "1968"]
[BlackElo "2124"]
[PlyCount "72"]
[EventDate "2012.12.01"]
[EventType "swiss"]
[EventRounds "9"]
[EventCountry "ESP"]
[Source "lmi"]
[SourceDate "2012.12.01"]

1. e4 c5 2. Nf3 d6 3. d4 cxd4 4. Nxd4 Nf6 5. Nc3 g6 6. Be2 Bg7 7. Be3 Nc6 8.
Nb3 O-O 9. f4 a5 10. a4 Be6 11. Bf3 Bc4 12. Qd2 Rc8 13. Rd1 Nd7 14. Nd4 Nb4 15.
Be2 Nb6 16. Ndb5 Bxe2 17. Qxe2 Nc4 18. Bc1 Qe8 19. O-O Nb6 20. Be3 Nd7 21. Bd4
Nc5 22. Bxg7 Kxg7 23. e5 dxe5 24. Qxe5+ f6 25. Qe2 Nxa4 26. Ra1 Nxc3 27. bxc3
Nc6 28. f5 Qf7 29. Rfe1 Rfd8 30. Nd4 Nxd4 31. cxd4 Rxd4 32. Rxa5 Rc7 33. Rb5
Rdc4 34. fxg6 hxg6 35. Rb2 Qd5 36. h3 Qd4+ 0-1